000 00223nam a2200097Ia 4500
008 190216s9999||||xx |||||||||||||| ||und||
100 _aJoseph T U
245 0 _aAnavritha Beejigal
260 _bKerala Basha Inst
942 _cBK
999 _c37656
_d37656